000 00287nam a2200109Ia 4500
008 220204s9999 xx 000 0 und d
082 _a575
_bADV.36
245 0 _aAdvances in genetics V.36
260 _aSan Diego
_bAcademic Press
_c1997
650 _aBacterial gene expression
942 _cBK
999 _c41373
_d41373